000 01578cam a2200361 4500
001 L136129
008 070112n2005 000 0 eng u
020 _a1860818919
035 _a(Sirsi) u136129
041 0 _aeng
050 0 4 _a614.76 $2 18
100 1 _aSkinner, H. D.
245 0 0 _aBrownfield sites
_ban intergrated ground engineering strategy
260 _aWatford
_bBRE
_c2005
300 _avii, 70p.
_bill.
_c30cm.
505 2 _aOutline of ground engineering strategy -- Brownfield hazards -- Hazard assessment -- Risk mitigation -- Ground treatment and remediation techniques --Case histories -- Acts, regulation and guidance
520 _aDiscusses the risk management and the process by which the ground engineering strategy is implemented, the receptors affected by hazards in the ground, the design and construction of foundations and services for the purpose of risk mitigation, and the interaction of geotechnical and remediation techniques.
590 _aKA
650 2 4 _aENVIRONMENTAL PROTECTION ACT 1990
650 2 4 _aWASTE MANAGEMENT LICENSING REGULATIONS 1994
650 2 4 _aCONTROL OF POLLUTION ACT 1974
650 2 4 _aGROUNDWATER REGULATIONS 1998
650 2 4 _aWATER RESOURCES ACT 1991
650 2 4 _aTOWN AND COUNTRY PLANNING ACT 1990
650 2 4 _aBUILDING ACT 1984
650 2 4 _aBUILDING REGULATIONS 2000
651 4 _aUnited Kingdom
_y
690 _aPROPERTY-PROPERTY MANAGEMENT-REGENERATION
690 _aENVIRONMENTAL AND LAND CONSULTANCY-WASTE MANAGEMENT
700 1 _aCharles, J.A.
700 1 _aTedd, P.
942 _n0
999 _c106325
_d106325